000 00549nam a22002177a 4500
003 OSt
005 20260507110646.0
008 260507b |||||||| |||| 00| 0 eng d
020 _a978-81-264-5144-9
040 _cSBCL
082 _a894.8123
_bJAM-N
100 _aJames,V.J.
245 _aNireeswaran
250 _a26th ed.
260 _aKottayam
_bD C Books
_c2026
300 _a320 p.
630 _xLiterature & rhetoric
650 _aLiteratures of other languages
650 _aAltaic, Uralic, Hyperborean & Dravidian
942 _cBOOK
999 _c138130
_d138130